01341nam a22002057a 450000500170000000800410001702000180005804000070007604100080008308200180009110000170010924500120012626000380013830000220017636500620019844000210026052008160028165000200109765000180111720251104162810.0251104b |||||||| |||| 00| 0 eng d a9781398539532 cAL aeng a823.914bASHW aLauren Asher aWrecked aLondonbSimona and Schusterc2024 a407pbPBc20x13cm 2Englisha4241b₹399.20c₹d₹499.00e20%f25-10-2025 aDirty air series aJax Pills. Alcohol. Adrenaline. I'm addicted to destructive decisions that numb my pain. Until one night when I make a catastrophic mistake. To repair my broken reputation, my team hires Elena-- An overpaid babysitter set on ruining my plans. She's my damnation disguised as my salvation. And my newest addiction. Elena I begged the universe to save me from my financial disaster. It answered my call with a Formula 1 team desperate for a PR miracle. One season. One job. One broody British racer. Except that Jax turns our hotel room into a battleground. To beat the enemy, I need to find his weaknesses. What I learn threatens to ruin everything. Him. Me. Us. Love is a warzone, and neither one of us plans to surrender. Wrecked is a steamy standalone in the Dirty Air world. Recommended for mature audiences. aEnglish Fiction aEnglish Novel